000 00667cam a2200229 4500
001 D15377
008 090401t1967 xxu||||| |||| 00| 0 eng d
035 _a(Sirsi) u22327
041 _aeng
050 _a333.0076
090 _aRICS 1967/26A
110 _aChartered Auctioneers
_91039
245 _aExamination questions: first, intermediate final and final direct: urban and rural sections general syllabus
260 _bCAEAT
_c1967
350 _a0
520 _aFiled in box 1967/26A
650 _aRICS
690 _aMANAGEMENT-BUSINESS MANAGEMENT-PROFESSIONAL PRACTICE
710 _aEstate Agents Institute
_91038
942 _n0
948 _c04/03/1997
999 _c88167
_d88167